000 00784nam a22001937a 4500
003 BD-DhUL
005 20160919143621.0
008 160919b 1973bg ||||| |||| 00| 0 ben d
040 _cBD-DhUL
_dBD-DhUL
_dBD-DhUL
082 _a954.92
_bRAB
100 1 _aরফিকুল
245 _aবীরের এ রক্তস্নোত মাতার এ অশ্রুধারা /
_cরফিকুল ইসলাম
260 _aঢাকা:
_bবাংলাএকাডেমী,
_c১৯৭৩.
300 _a ১৯১ পৃ.
_c২২সেমি.
504 _aনির্ঘন্ট ও গ্রন্থপন্জীগত তথ্য সংবলিত
651 0 _aবাংলাদেশ
_x ইতিহাস
651 0 _aHistory
942 _2ddc
_cBK
999 _c105001
_d105001